1740 1935 1999 1623 1904 1937 1655 1553 1388 1037 1434 1918 1752 1015 1451 1478 1126 1773 1925 1964 1146 1595 1768 1024 1372 1057 1651 1522 1918 1853 1203 1559 1744 1455 1728 1496 1319 1676 1239 1243 1764 1417 1277 1817 1476 1563 2000 1009 1455 1411 1883 1056 1999 1288 1433 1849 1833 1611 1205 1305 1096 1361 1991 1840 1835 1628 1158 1920 1417 1395 1740 1047 1510 1683 1086 1396 1856 1279 1127 1291 1370 1680 1603 1686 1807 1872 1324 1118 1578 1550 1789 1848 1703 1490 1246 1794 1700 1145 1072 BCNSPRNW ULIB Ver.6.0+V

เปลี่ยนเป็นภาษาไทย

Change to English
 แสดงรายละเอียดบรรณานุกรม
  กลับหน้าหลัก

Brief Record : Get Marc (ISO 2709) : E-mail record : QR code < ปิดหน้าต่าง
LEADER : 00000nam 2200000uu 4500
001    13399127755
003     ULIB
008    210519s||||||||th 000 0 tha d
020    ^a9786160038190
050  0 ^aนว^bธ739ห
100    ^aธุวัฒธรรพ์
245    ^aหนึ่งถ้อยร้อยรัก
250    ^aพิมพ์ครั้งที่ 1
260    ^aกรุงเทพฯ :^bพิมพ์คำ,^c2562
300    ^a303 หน้า;^b26 ซม.
650    ^aนวนิยาย
945    ^p210^l0^i28900
999    ^aกัณชพร จุลอักษร
รายการนี้ยังไม่มีแท็ก
คุณยังไม่ได้ล็อกอิน คุณสามารถมีกิจกรรมร่วมกับเว็บไซต์ได้ แต่ต้องล็อกอินก่อน ::
  ล็อกอิน

รายการสื่อสารสนเทศ

ลำดับที่ ประเภท เลขเรียก/บาร์โค้ด สถานที่ สถานะ
1. วิทยาศาสตร์การแพทย์ และสุขภาพ
วิทยาศาสตร์การแพทย์ และสุขภาพ
นว ธ739ห ฉ.1 
  Barcode: 28900
ห้องสมุดวิทยาเขตนครสวรรค์
►นวนิยาย:l:Fiction
บนชั้น

รายการใกล้เคียง
    ชื่อเรื่อง [หนึ่งถ้อยร้อยรัก]

    ผู้แต่ง [ธุวัฒธรรพ์]

    หัวเรื่อง [นวนิยาย]

BibComment


ยังไม่เคยถูกคอมเมนท์

คอมเมนท์ทรัพยากรรายการนี้
  คอมเมนท์: หนึ่งถ้อยร้อยรัก


 Copyright 2026. Bcnsprnw @Library